| 000 | 00616nam a2200229Ia 4500 | ||
|---|---|---|---|
| 003 | OSt | ||
| 005 | 20221007070908.0 | ||
| 006 | a|||||r|||| 00| 0 | ||
| 007 | ta | ||
| 008 | 221006b |||||||| |||| 00| 0 eng d | ||
| 024 | _a11,236 | ||
| 037 | _cTextual | ||
| 040 |
_aFLL _cFLL _beng |
||
| 041 |
_2eng _aeng |
||
| 082 | _aT4.2.N7, L9 | ||
| 100 |
_aSrivastava Anand P. Au. _9687909 |
||
| 245 | 0 | _aPathology of higher education | |
| 260 |
_aKanpur _bReprint Pub. India _c1979 |
||
| 300 |
_a294p _ccm. |
||
| 942 |
_hT4.2.N7, L9 _cTEXL _2CC |
||
| 999 |
_c1141835 _d1141835 |
||